| 000 | 00725nam a22002057a 4500 | ||
|---|---|---|---|
| 999 |
_c19787 _d19787 |
||
| 003 | AR-CdUCM | ||
| 008 | 190522b ||||| |||| 00| 0 spa d | ||
| 020 | _a9501326454 | ||
| 040 |
_aMUNICIPALIDAD PROVINCIAL DEL CUSCO _cBIBLIOTECA MUNICIPAL DEL CUSCO |
||
| 082 |
_a860.7 / _bF42 |
||
| 100 |
_aFernández de Yacubsohn, Martha _941379 |
||
| 245 |
_aLiteratura Española : _bAntología, actividades, evaluación / |
||
| 260 |
_aBuenos Aires : _bKapelusz, _c1978. |
||
| 300 |
_a126 páginas ; _c25 cm. |
||
| 505 | _aContenido : Antología: Poema del mio cid -- Libro de buen amor -- Romances viejos... | ||
| 650 |
_aLiteratura _983 |
||
| 650 |
_aAntología de obras literarias _941380 |
||
| 942 |
_2ddc _cLIBROS |
||
| 945 | _arcc | ||